Schaum's outline of theory and problems of advanced mathematics for engineers and scientists /
Na minha lista:
| Autor principal: | |
|---|---|
| Outros Autores: | |
| Formato: | Livro |
| Idioma: | inglês |
| Publicado em: |
New York ; London
McGraw-Hill Books Co.
1971
|
| Edição: | SI (metric) ed. / |
| Colecção: | Schaum's outline series
|
| Assuntos: | |
| Acesso em linha: | View in OPAC |
| Tags: |
Sem tags, seja o primeiro a adicionar uma tag!
|
MARC
| LEADER | 00000pam a2200000 i 4500 | ||
|---|---|---|---|
| 005 | 20260127133929.0 | ||
| 008 | 180809s1980 nyua 001 0 eng | ||
| 010 | |a 80-040049 | ||
| 015 | |a GB80 | ||
| 020 | |a 0070843554 |q (pbk.) : |c £4.95 (est.) | ||
| 035 | |a vtls010193815 | ||
| 039 | 9 | |a 201808091013 |b VLOAD |c 201012020838 |d mschk03 |y 201012020838 |z mschk03 | |
| 040 | |a DLC |c DLC |d DLC |d STUSCHK1 | ||
| 041 | 0 | |a eng | |
| 044 | |a nyu | ||
| 080 | |a 51 | ||
| 080 | |a 519.8 | ||
| 080 | |a 51-7 | ||
| 100 | 1 | |a Spiegel, Murray R., |d 1943- |9 1216 | |
| 245 | 1 | 0 | |a Schaum's outline of theory and problems of advanced mathematics for engineers and scientists / |c by Murray R. Spiegel. |
| 250 | |a SI (metric) ed. / |b adapted for SI units by A. N. Pettitt. | ||
| 260 | |a New York ; |a London |b McGraw-Hill Books Co. |c 1971 | ||
| 300 | |a 407 p. |b ill. |c 28 cm. | ||
| 490 | 0 | |a Schaum's outline series | |
| 500 | |a Spine title: Advanced mathematics. | ||
| 500 | |a Includes index. | ||
| 650 | 0 | |a Engineering mathematics |x Outlines, syllabi, etc. | |
| 650 | 0 | |a Engineering mathematics |x Problems, exercises, etc. | |
| 700 | 1 | |a Pettitt, A. N. | |
| 740 | |a Theory and problems of advanced mathematics for engineers and scientists. | ||
| 740 | |a Advanced mathematics. | ||
| 906 | |a 7 |b cbc |c orignew |d 1 |e ocip |f 19 |g y-gencatlg | ||
| 910 | |a SCHK95 | ||
| 919 | |a 978-0-07-163540-0 | ||
| 991 | |b c-GenColl |h TA330 |i .S68 1980 |t Copy 1 |w BOOKS | ||
| 999 | |c 290 |d 290 | ||